[Event "OP-2022-0-05250"]
[Site "LSS email"]
[Date "2022.02.02"]
[Round "?"]
[White "Romero, Antonio"]
[Black "Sampaio Vianna Braga, Carlos Fernando"]
[Result "1/2-1/2"]
[WhiteElo "800"]
[BlackElo "1514"]
[PlyCount "41"]
[EventDate "2022.01.30"]
[EventType "tourn (corr)"]
[EventRounds "4"]
[EventCountry "GER"]
[SourceTitle "Corr 2024"]
[Source "ChessBase"]
[SourceDate "2023.10.19"]
[SourceVersion "1"]
[SourceVersionDate "2023.10.19"]
[SourceQuality "1"]

1. e4 e6 2. d4 d5 3. Nd2 Nc6 4. Ngf3 Nf6 5. e5 Nd7 6. Be2 f6 7. exf6 Qxf6 8. Nf1 Bd6 9. Ne3 0-0 10. 0-0 Qg6 11. c4 Nf6 12. c5 Be7 13. Bb5 Bd7 14. a4 Qh5 15. Bxc6 Bxc6 16. b4 Be8 17. h3 Ne4 18. Ng4 b6 19. Be3 Qf5 20. Nge5 a5 21. Qb3 1/2-1/2

[Event "OP-2019-0-04872"]
[Site "LSS email"]
[Date "2019.11.11"]
[Round "?"]
[White "Ederer, Karel"]
[Black "Sampaio Vianna Braga, Carlos Fernando"]
[Result "1-0"]
[WhiteElo "1983"]
[BlackElo "1499"]
[PlyCount "63"]
[EventDate "2019.11.03"]
[EventType "tourn (corr)"]
[EventRounds "4"]
[EventCountry "GER"]
[SourceTitle "Corr 2022"]
[Source "ChessBase"]
[SourceDate "2021.10.24"]
[SourceVersion "1"]
[SourceVersionDate "2021.10.24"]
[SourceQuality "1"]

1. d4 g6 2. e4 d6 3. Nc3 Bg7 4. Be3 Nf6 5. Qd2 0-0 6. Bh6 c5 7. d5 a6 8. h4 Bxh6 9. Qxh6 Nbd7 10. Be2 Ne5 11. h5 b5 12. hxg6 fxg6 13. f4 Nf7 14. Qh2 h6 15. Qg3 Kg7 16. e5 dxe5 17. fxe5 Nxd5 18. 0-0-0 e6 19. Nh3 Qe7 20. Ne4 c4 21. Kb1 Bd7 22. Rhf1 Rfd8 23. Bh5 Nh8 24. Rf6 Be8 25. Rh1 a5 26. Bg4 Bf7 27. Nhg5 Qa7 28. Qh4 h5 29. Bxh5 Nxf6 30. exf6+ Kf8 31. Bg4 Ke8 32. Nxe6 1-0

[Event "OP-2017-0-04449"]
[Site "LSS email"]
[Date "2017.10.09"]
[Round "?"]
[White "Gulbis, Harijs"]
[Black "Sampaio Vianna Braga, Carlos Fernando"]
[Result "0-1"]
[WhiteElo "1678"]
[BlackElo "1478"]
[PlyCount "42"]
[EventDate "2017.10.01"]
[EventType "tourn (corr)"]
[EventRounds "4"]
[EventCountry "GER"]
[SourceTitle "Corr 2022"]
[Source "ChessBase"]
[SourceDate "2021.10.24"]
[SourceVersion "1"]
[SourceVersionDate "2021.10.24"]
[SourceQuality "1"]

1. c4 Nf6 2. d4 d6 3. Nf3 Nbd7 4. Nc3 e5 5. dxe5 dxe5 6. Qc2 h6 7. g3 Bc5 8. Bg2 c6 9. 0-0 0-0 10. b3 Re8 11. Bb2 Qe7 12. Nh4 Nf8 13. Ne4 Nxe4 14. Bxe4 Bg4 15. e3 g6 16. Bg2 Qe6 17. a3 Rad8 18. Rad1 Bxd1 19. Rxd1 Rxd1+ 20. Qxd1 Qd6 21. b4 Qxd1+ 0-1

[Event "OP-2017-0-04449"]
[Site "LSS email"]
[Date "2017.10.09"]
[Round "?"]
[White "Ranalli, Emmanuel"]
[Black "Sampaio Vianna Braga, Carlos Fernando"]
[Result "1/2-1/2"]
[WhiteElo "1197"]
[BlackElo "1478"]
[PlyCount "79"]
[EventDate "2017.10.01"]
[EventType "tourn (corr)"]
[EventRounds "4"]
[EventCountry "GER"]
[SourceTitle "Corr 2022"]
[Source "ChessBase"]
[SourceDate "2021.10.24"]
[SourceVersion "1"]
[SourceVersionDate "2021.10.24"]
[SourceQuality "1"]

1. e4 d6 2. d4 Nf6 3. Nc3 Nbd7 4. Nf3 e5 5. Bc4 Be7 6. 0-0 0-0 7. Re1 Nb6 8. Bf1 exd4 9. Nxd4 h6 10. h3 Re8 11. Be3 c5 12. Nf5 Bxf5 13. exf5 d5 14. Bf4 Bd6 15. Qf3 Bxf4 16. Qxf4 Re7 17. Rad1 Qe8 18. Rxe7 Qxe7 19. Rd2 d4 20. Re2 Qd8 21. Ne4 Nbd5 22. Nxf6+ Nxf6 23. g4 Qb6 24. b3 Nd5 25. Qf3 Qd6 26. Bg2 Nc3 27. Re1 Rb8 28. a4 f6 29. Re6 Qd7 30. Bf1 Kf8 31. Bc4 Re8 32. g5 hxg5 33. Qh5 Rxe6 34. Qh8+ Ke7 35. fxe6 Qc7 36. Qxg7+ Kd6 37. Qxf6 Qe7 38. Qf3 a6 39. Qg3+ Kc6 40. a5 1/2-1/2

[Event "CP-2016-P-00048"]
[Site "LSS email"]
[Date "2016.09.27"]
[Round "?"]
[White "Sampaio Vianna Braga, Carlos Fernando"]
[Black "Buczinski, Henryk"]
[Result "1/2-1/2"]
[WhiteElo "1429"]
[BlackElo "1883"]
[PlyCount "102"]
[EventDate "2016.10.01"]
[EventType "tourn (corr)"]
[EventRounds "6"]
[EventCountry "GER"]
[SourceTitle "Corr 2022"]
[Source "ChessBase"]
[SourceDate "2021.10.24"]
[SourceVersion "1"]
[SourceVersionDate "2021.10.24"]
[SourceQuality "1"]

1. d4 Nf6 2. c4 e6 3. Nc3 Bb4 4. e3 b6 5. Bd3 0-0 6. Nge2 d5 7. 0-0 Ba6 8. b3 Nc6 9. Bb2 dxc4 10. Bxc4 Bxc4 11. bxc4 a6 12. Qa4 Qd7 13. d5 exd5 14. Nxd5 Nxd5 15. cxd5 Qxd5 16. Rfc1 Bc5 17. Nc3 Qe6 18. Ne4 Rfb8 19. Nxc5 bxc5 20. Ba3 Qf6 21. Bxc5 Rb2 22. Rf1 h6 23. a3 a5 24. Rad1 Rab8 25. Rc1 Qg6 26. Bd4 Nxd4 27. Qxd4 Rc2 28. h3 Rxc1 29. Rxc1 c6 30. Rc3 Rb1+ 31. Kh2 Rf1 32. Qf4 Kh7 33. e4 Re1 34. Rc4 Qe6 35. Qf5+ Qxf5 36. exf5 Re2 37. Kg3 Rb2 38. f3 f6 39. Ra4 Rb5 40. Kf4 Kg8 41. Rc4 Rb3 42. a4 Kh7 43. Ke4 Rb2 44. g4 h5 45. h4 Rh2 46. Kf4 Rxh4 47. Rc5 Rh1 48. Rxa5 h4 49. g5 fxg5+ 50. Kxg5 h3 51. Kg4 h2 1/2-1/2

[Event "CP-2016-P-00055"]
[Site "LSS email"]
[Date "2016.09.27"]
[Round "?"]
[White "Sampaio Vianna Braga, Carlos Fernando"]
[Black "Hoffman, Mike"]
[Result "1/2-1/2"]
[WhiteElo "1429"]
[BlackElo "1358"]
[PlyCount "56"]
[EventDate "2016.10.01"]
[EventType "tourn (corr)"]
[EventRounds "6"]
[EventCountry "GER"]
[SourceTitle "Corr 2022"]
[Source "ChessBase"]
[SourceDate "2021.10.24"]
[SourceVersion "1"]
[SourceVersionDate "2021.10.24"]
[SourceQuality "1"]

1. d4 e6 2. c4 f5 3. g3 Nf6 4. Bg2 Be7 5. Nc3 0-0 6. Nf3 d6 7. 0-0 Ne4 8. Nxe4 fxe4 9. Nd2 d5 10. f3 Nc6 11. fxe4 Rxf1+ 12. Nxf1 dxc4 13. Be3 Bd7 14. b3 cxb3 15. Qxb3 Na5 16. Qc3 b6 17. Rd1 Rc8 18. Nd2 c5 19. d5 exd5 20. exd5 Bf6 21. Qc1 h6 22. Ne4 Be5 23. Bd2 Qe8 24. Rf1 Qh5 25. Rf2 Nb7 26. Qa3 a5 27. Bc3 Rf8 28. Rxf8+ Kxf8 1/2-1/2

[Event "CP-2016-P-00055"]
[Site "LSS email"]
[Date "2016.09.27"]
[Round "?"]
[White "Sampaio Vianna Braga, Carlos Fernando"]
[Black "Laine, Jari"]
[Result "0-1"]
[WhiteElo "1429"]
[BlackElo "1907"]
[PlyCount "144"]
[EventDate "2016.10.01"]
[EventType "tourn (corr)"]
[EventRounds "6"]
[EventCountry "GER"]
[SourceTitle "Corr 2022"]
[Source "ChessBase"]
[SourceDate "2021.10.24"]
[SourceVersion "1"]
[SourceVersionDate "2021.10.24"]
[SourceQuality "1"]

1. d4 Nf6 2. c4 g6 3. Nc3 d5 4. cxd5 Nxd5 5. e4 Nxc3 6. bxc3 Bg7 7. Be2 c5 8. Nf3 Nc6 9. Be3 Bg4 10. e5 cxd4 11. cxd4 Qa5+ 12. Nd2 Bxe2 13. Qxe2 Qc3 14. 0-0 Nxd4 15. Bxd4 Qxd4 16. e6 0-0 17. Nf3 Qf4 18. Rad1 f5 19. Rd7 Bf6 20. Rxb7 Rfc8 21. h4 a5 22. g3 Qa4 23. Ne5 Rc2 24. Qe3 Qxa2 25. Nd7 Bg7 26. Nb6 Re8 27. Qd3 Rd2 28. Qc4 Qxc4 29. Nxc4 Re2 30. Nxa5 Rxe6 31. Rc1 Ra8 32. Nc6 Bf6 33. Rc2 f4 34. Rb3 fxg3 35. fxg3 Ra6 36. Nd8 Red6 37. Nb7 Rd5 38. Kg2 h5 39. Rb4 Ra3 40. Nc5 Be5 41. Ne4 Re3 42. Rc6 Kg7 43. Kf2 Rdd3 44. Ra6 Bxg3+ 45. Nxg3 Rf3+ 46. Ke1 Rxg3 47. Ra7 Rde3+ 48. Kf2 Rgf3+ 49. Kg2 Rf7 50. Rab7 e5 51. R7b5 Re2+ 52. Kg3 Kh6 53. Rc4 e4 54. Rb3 Rf1 55. Rcc3 Rg1+ 56. Kf4 Rg4+ 57. Ke5 Rxh4 58. Rg3 Rf2 59. Rb6 Rf5+ 60. Kd4 Rg4 61. Rxg4 hxg4 62. Rb3 Rf3 63. Rb1 e3 64. Kd3 g3 65. Ke4 Rf2 66. Kxe3 Kh5 67. Rb4 g5 68. Rb6 Rf1 69. Rb2 Kg4 70. Ke4 Kh3 71. Rb3 Kh2 72. Rb5 g2 0-1

[Event "CP-2016-P-00048"]
[Site "LSS email"]
[Date "2016.09.27"]
[Round "?"]
[White "Sampaio Vianna Braga, Carlos Fernando"]
[Black "Martucci, Massimo"]
[Result "1/2-1/2"]
[WhiteElo "1429"]
[BlackElo "2161"]
[PlyCount "51"]
[EventDate "2016.10.01"]
[EventType "tourn (corr)"]
[EventRounds "6"]
[EventCountry "GER"]
[SourceTitle "Corr 2022"]
[Source "ChessBase"]
[SourceDate "2021.10.24"]
[SourceVersion "1"]
[SourceVersionDate "2021.10.24"]
[SourceQuality "1"]

1. d4 Nf6 2. c4 g6 3. Nc3 d5 4. cxd5 Nxd5 5. e4 Nxc3 6. bxc3 Bg7 7. Be3 c5 8. Nf3 Qa5 9. Qd2 Nc6 10. Rb1 a6 11. Bd3 0-0 12. Rc1 cxd4 13. cxd4 Qxd2+ 14. Kxd2 Rd8 15. d5 Nb4 16. Bb6 Rd6 17. Bc5 Bh6+ 18. Ke2 Bxc1 19. Rxc1 Nxd3 20. Kxd3 Rd7 21. Bb6 f6 22. Nd4 Rd6 23. Bc5 Rd7 24. Bb6 Rd6 25. Bc5 Rd7 26. Bb6 1/2-1/2

[Event "BI-2016-F-0000"]
[Site "LSS email"]
[Date "2016.02.14"]
[Round "?"]
[White "Cerne, Peter"]
[Black "Sampaio Vianna Braga, Carlos Fernando"]
[Result "0-1"]
[WhiteElo "1363"]
[BlackElo "1349"]
[PlyCount "112"]
[EventDate "2016.02.20"]
[EventType "tourn (corr)"]
[EventRounds "10"]
[EventCountry "GER"]
[SourceTitle "Corr 2022"]
[Source "ChessBase"]
[SourceDate "2021.10.24"]
[SourceVersion "1"]
[SourceVersionDate "2021.10.24"]
[SourceQuality "1"]

1. e4 d6 2. d4 Nf6 3. Nc3 g6 4. Nf3 Bg7 5. Be2 0-0 6. 0-0 c5 7. d5 Bg4 8. Nd2 Bxe2 9. Qxe2 Re8 10. Nc4 Nbd7 11. f4 Nb6 12. Nxb6 Qxb6 13. e5 dxe5 14. fxe5 Nd7 15. Na4 Qa6 16. Qxa6 bxa6 17. e6 fxe6 18. dxe6 Nb6 19. Nxb6 axb6 20. c3 Rac8 21. Bf4 Rcd8 22. Rad1 Rc8 23. Rd7 Rc6 24. Re1 Bf6 25. g4 g5 26. Bc7 Kh8 27. Kf2 b5 28. Re4 Kg7 29. Ke3 Kg6 30. Bd8 h5 31. h3 Rc8 32. gxh5+ Kxh5 33. Ba5 Kg6 34. Kf2 Rh8 35. Re3 g4 36. hxg4 Rh2+ 37. Kf3 Rf8 38. Ke4 Rxb2 39. Bd8 Re8 40. a3 Bg5 41. Red3 c4 42. Rd1 Re2+ 43. Kd5 Bf6 44. Bc7 Bxc3 45. a4 Bg7 46. axb5 axb5 47. Rb1 c3 48. Rg1 Rc8 49. Rxe7 b4 50. Bf4 b3 51. Rb1 Rb8 52. Bxb8 c2 53. Rxg7+ Kxg7 54. Rc1 b2 55. Rxc2 Rxc2 56. Be5+ Kf8 0-1

[Event "BI-2016-F-0000"]
[Site "LSS email"]
[Date "2016.02.14"]
[Round "?"]
[White "Lombardi, Donato"]
[Black "Sampaio Vianna Braga, Carlos Fernando"]
[Result "0-1"]
[WhiteElo "884"]
[BlackElo "1349"]
[PlyCount "64"]
[EventDate "2016.02.20"]
[EventType "tourn (corr)"]
[EventRounds "10"]
[EventCountry "GER"]
[SourceTitle "Corr 2022"]
[Source "ChessBase"]
[SourceDate "2021.10.24"]
[SourceVersion "1"]
[SourceVersionDate "2021.10.24"]
[SourceQuality "1"]

1. e4 d6 2. d4 Nf6 3. Bd3 g6 4. Nc3 Bg7 5. Bg5 0-0 6. Nf3 c5 7. e5 cxd4 8. exf6 exf6 9. 0-0 fxg5 10. Ne4 g4 11. Nfd2 f5 12. Ng3 Nc6 13. Nb3 Re8 14. Re1 Rxe1+ 15. Qxe1 Be5 16. Nd2 Be6 17. Nc4 a6 18. a3 Rc8 19. b3 Bd5 20. Qe2 b5 21. Nd2 h5 22. c4 dxc3 23. Ndf1 Nd4 24. Qe1 f4 25. Ne4 Nxb3 26. Rb1 c2 27. Rc1 Nxc1 28. Qxc1 Bxe4 29. Bxe4 Bb2 30. Qxf4 c1Q 31. Bd5+ Kh8 32. Qf7 Qe8 0-1

[Event "BI-2016-F-0000"]
[Site "LSS email"]
[Date "2016.02.14"]
[Round "?"]
[White "Sampaio Vianna Braga, Carlos Fernando"]
[Black "Evtyugin, Yury Alekseevich"]
[Result "1-0"]
[WhiteElo "1349"]
[BlackElo "958"]
[PlyCount "57"]
[EventDate "2016.02.20"]
[EventType "tourn (corr)"]
[EventRounds "10"]
[EventCountry "GER"]
[SourceTitle "Corr 2022"]
[Source "ChessBase"]
[SourceDate "2021.10.24"]
[SourceVersion "1"]
[SourceVersionDate "2021.10.24"]
[SourceQuality "1"]

1. d4 d5 2. c4 e6 3. Nf3 Bb4+ 4. Bd2 Be7 5. e3 Nf6 6. a3 0-0 7. Nc3 c6 8. Be2 dxc4 9. Bxc4 b5 10. Bd3 Bb7 11. 0-0 a5 12. e4 b4 13. e5 bxc3 14. exf6 Bxf6 15. bxc3 c5 16. Bxh7+ Kxh7 17. Qb1+ Kg8 18. Qxb7 Nd7 19. Rab1 Rb8 20. Qe4 cxd4 21. Rxb8 Qxb8 22. cxd4 Qb5 23. h3 Rc8 24. Rb1 Qa4 25. Qd3 e5 26. Nxe5 Nxe5 27. dxe5 Bxe5 28. Re1 Bf4 29. Qa6 1-0

[Event "BI-2016-F-0000"]
[Site "LSS email"]
[Date "2016.02.14"]
[Round "?"]
[White "Sampaio Vianna Braga, Carlos Fernando"]
[Black "Lonyuk, Bohdan"]
[Result "1-0"]
[WhiteElo "1349"]
[BlackElo "1298"]
[PlyCount "55"]
[EventDate "2016.02.20"]
[EventType "tourn (corr)"]
[EventRounds "10"]
[EventCountry "GER"]
[SourceTitle "Corr 2022"]
[Source "ChessBase"]
[SourceDate "2021.10.24"]
[SourceVersion "1"]
[SourceVersionDate "2021.10.24"]
[SourceQuality "1"]

1. d4 d5 2. c4 e6 3. Nf3 Nf6 4. Nc3 c6 5. e3 Nbd7 6. Bd3 dxc4 7. Bxc4 b5 8. Bd3 Bd6 9. e4 e5 10. Be3 0-0 11. 0-0 Re8 12. Ne2 exd4 13. Nexd4 Nxe4 14. Nxc6 Qc7 15. Ncd4 a6 16. Bxe4 Rxe4 17. Rc1 Qd8 18. Nf5 Bc7 19. Qd5 Rxe3 20. Nxe3 Nb6 21. Qxd8+ Bxd8 22. h3 Bf6 23. b3 Be6 24. Rfd1 h6 25. Rc7 Nc8 26. Nd4 Bxd4 27. Rxd4 Kf8 28. Rd8# 1-0

[Event "CP-2015-P-00051"]
[Site "LSS email"]
[Date "2015.09.28"]
[Round "?"]
[White "Kraujunas, Vladas"]
[Black "Sampaio Vianna Braga, Carlos Fernando"]
[Result "1-0"]
[WhiteElo "1662"]
[BlackElo "1361"]
[PlyCount "97"]
[EventDate "2015.10.01"]
[EventType "tourn (corr)"]
[EventRounds "6"]
[EventCountry "GER"]
[SourceTitle "Corr 2022"]
[Source "ChessBase"]
[SourceDate "2021.10.24"]
[SourceVersion "1"]
[SourceVersionDate "2021.10.24"]
[SourceQuality "1"]

1. e4 e6 2. d4 d5 3. Nc3 Bb4 4. e5 b6 5. a3 Bxc3+ 6. bxc3 Ne7 7. Qg4 0-0 8. Bg5 Qe8 9. Bd3 Ba6 10. Nf3 Nf5 11. 0-0 h6 12. Bd2 Bxd3 13. cxd3 Qa4 14. Qh3 Nd7 15. g4 Ne7 16. Rfc1 Rfc8 17. g5 h5 18. Qxh5 c5 19. Kg2 cxd4 20. cxd4 g6 21. Qg4 Rxc1 22. Rxc1 Qxa3 23. Rc7 Rd8 24. h4 a5 25. h5 Qxd3 26. h6 Nf5 27. Qf4 Nf8 28. Ra7 Qc2 29. Nh2 Rc8 30. Ng4 Nh7 31. Nh2 Qc6 32. Ng4 Rc7 33. Nf6+ Kh8 34. Rxc7 Qxc7 35. Ne8 Qc2 36. Nd6 Kg8 37. Bc1 Qc6 38. Ba3 Qc3 39. Nxf5 exf5 40. e6 Qxa3 41. Qe5 Qf3+ 42. Kxf3 Nxg5+ 43. Kg3 Nxe6 44. Qxd5 a4 45. Qe5 f4+ 46. Kg4 a3 47. d5 f5+ 48. Kh4 a2 49. dxe6 1-0

[Event "CP-2015-P-00051"]
[Site "LSS email"]
[Date "2015.09.28"]
[Round "?"]
[White "Usmanoff, Rustam"]
[Black "Sampaio Vianna Braga, Carlos Fernando"]
[Result "1-0"]
[WhiteElo "2321"]
[BlackElo "1361"]
[PlyCount "77"]
[EventDate "2015.10.01"]
[EventType "tourn (corr)"]
[EventRounds "6"]
[EventCountry "GER"]
[SourceTitle "Corr 2022"]
[Source "ChessBase"]
[SourceDate "2021.10.24"]
[SourceVersion "1"]
[SourceVersionDate "2021.10.24"]
[SourceQuality "1"]

1. e4 e6 2. d4 d5 3. Nc3 Nf6 4. e5 Nfd7 5. f4 c5 6. Nf3 Be7 7. Be3 0-0 8. Qd2 Nc6 9. Be2 b6 10. 0-0 f6 11. dxc5 Nxc5 12. Bb5 Bb7 13. Bxc6 Bxc6 14. exf6 gxf6 15. Rad1 Rc8 16. Qe1 Kh8 17. Nd4 Bd7 18. f5 e5 19. Nxd5 Rg8 20. Nf3 Rg7 21. Bh6 Rf7 22. Bg5 Rg7 23. Nxe5 fxe5 24. Nxe7 Rxg5 25. Qxe5+ Rg7 26. f6 Rf7 27. b4 Ne6 28. Qh5 Qe8 29. Rxd7 Nf8 30. Rxa7 Rd8 31. Qh4 Qb5 32. Re1 Rb8 33. Qg4 Nd7 34. Rxd7 Qxd7 35. Qxd7 Rbf8 36. Re6 b5 37. Rb6 h6 38. Qd3 Rc8 39. Qg6 1-0

[Event "BI-2015-P-0000"]
[Site "LSS email"]
[Date "2015.04.16"]
[Round "?"]
[White "Suarez, Ron"]
[Black "Sampaio Vianna Braga, Carlos Fernando"]
[Result "1-0"]
[WhiteElo "1669"]
[BlackElo "1375"]
[PlyCount "79"]
[EventDate "2015.04.22"]
[EventType "tourn (corr)"]
[EventRounds "10"]
[EventCountry "GER"]
[SourceTitle "Corr 2022"]
[Source "ChessBase"]
[SourceDate "2021.10.24"]
[SourceVersion "1"]
[SourceVersionDate "2021.10.24"]
[SourceQuality "1"]

1. e4 d6 2. d4 g6 3. Nc3 Bg7 4. Be3 Nf6 5. f3 0-0 6. Qd2 c6 7. 0-0-0 a5 8. Kb1 b5 9. e5 Ne8 10. f4 Nc7 11. h4 h5 12. Bd3 Nba6 13. exd6 Qxd6 14. f5 gxf5 15. Nf3 b4 16. Ne2 Nd5 17. Rh3 Nac7 18. Rg3 Nxe3 19. Qxe3 Qf6 20. Ne5 c5 21. Nf4 cxd4 22. Qe2 Kh8 23. Qxh5+ Qh6 24. Nxf7+ Rxf7 25. Qxf7 Qf6 26. Qh5+ Qh6 27. Qf3 Bb7 28. Qxb7 Qxf4 29. Rf3 Qd6 30. Rxf5 Kg8 31. Rg5 Rf8 32. Qe4 Rf7 33. Qh7+ Kf8 34. Rxg7 Rxg7 35. Rf1+ Ke8 36. Qxg7 Kd7 37. h5 Ne6 38. Qg6 Nc7 39. Qxd6+ Kxd6 40. h6 1-0

[Event "BI-2015-F-0000"]
[Site "LSS email"]
[Date "2015.02.12"]
[Round "?"]
[White "Bujdak, Pavel"]
[Black "Sampaio Vianna Braga, Carlos Fernando"]
[Result "1-0"]
[WhiteElo "1696"]
[BlackElo "1368"]
[PlyCount "109"]
[EventDate "2015.02.11"]
[EventType "tourn (corr)"]
[EventRounds "10"]
[EventCountry "GER"]
[SourceTitle "Corr 2022"]
[Source "ChessBase"]
[SourceDate "2021.10.24"]
[SourceVersion "1"]
[SourceVersionDate "2021.10.24"]
[SourceQuality "1"]

1. b3 d6 2. Bb2 e5 3. c4 f5 4. e3 Nf6 5. b4 g6 6. Nf3 Nbd7 7. d3 Bg7 8. Nc3 0-0 9. Qb3 a5 10. c5+ Kh8 11. cxd6 cxd6 12. Be2 b6 13. a3 Bb7 14. 0-0 Qe7 15. h3 Rfc8 16. Rfc1 Ne8 17. Nb5 a4 18. Qa2 Ndf6 19. Rxc8 Rxc8 20. Nc3 Qd7 21. d4 e4 22. Nd2 Nc7 23. b5 Ra8 24. Rc1 Nfd5 25. Nc4 Qe7 26. Qb1 Qe6 27. Qc2 Nxc3 28. Nxb6 Nxe2+ 29. Qxe2 d5 30. Nxa8 Nxa8 31. Qc2 Qb6 32. Bc3 Qxb5 33. Rb1 Qa6 34. Qb2 Bc8 35. Qb8 f4 36. Bd2 fxe3 37. Bxe3 h6 38. Rc1 Nb6 39. Rc6 Nd7 40. Rxc8+ Kh7 41. Qc7 Qe6 42. Qb7 Nf6 43. Rc6 Qf5 44. Rc7 Ne8 45. Rf7 Qe6 46. Bf4 Kg8 47. Re7 Qxe7 48. Qxe7 Nf6 49. Qe6+ Kh8 50. Be5 Ng8 51. Qxd5 e3 52. fxe3 g5 53. Qf7 Nf6 54. Bxf6 Bxf6 55. Qxf6+ 1-0

[Event "BI-2015-F-0000"]
[Site "LSS email"]
[Date "2015.02.12"]
[Round "?"]
[White "Mostowik, Daniel"]
[Black "Sampaio Vianna Braga, Carlos Fernando"]
[Result "1-0"]
[WhiteElo "1973"]
[BlackElo "1368"]
[PlyCount "101"]
[EventDate "2015.02.11"]
[EventType "tourn (corr)"]
[EventRounds "10"]
[EventCountry "GER"]
[SourceTitle "Corr 2022"]
[Source "ChessBase"]
[SourceDate "2021.10.24"]
[SourceVersion "1"]
[SourceVersionDate "2021.10.24"]
[SourceQuality "1"]

1. e4 d6 2. Nf3 Nf6 3. Nc3 g6 4. d4 Bg7 5. Bc4 0-0 6. 0-0 c5 7. dxc5 dxc5 8. Qxd8 Rxd8 9. Be3 Nc6 10. Bxc5 Nd7 11. Be3 e6 12. Rfd1 e5 13. Nd5 h6 14. a4 Rb8 15. a5 Re8 16. c3 a6 17. b4 Kh7 18. b5 axb5 19. Bxb5 Re6 20. Nc7 Rf6 21. Rab1 Bf8 22. Rd5 Be7 23. h4 Bd8 24. Ne8 Re6 25. Bxc6 Rxc6 26. Nxe5 Nxe5 27. Rxd8 f6 28. Bd4 Nf7 29. Nxf6+ Rxf6 30. Rxc8 Rxc8 31. Bxf6 Kg8 32. Rxb7 Nd6 33. Rg7+ Kf8 34. Rxg6 Nxe4 35. Rxh6 Nxf6 36. Rxf6+ Kg7 37. Rb6 Rxc3 38. a6 Ra3 39. g3 Kf7 40. h5 Kg8 41. Kg2 Ra4 42. Rg6+ Kf7 43. g4 Rc4 44. Kg3 Rc3+ 45. f3 Rc8 46. a7 Ra8 47. Ra6 Kf8 48. h6 Kg8 49. g5 Kh7 50. Kg4 Kg8 51. g6 1-0

[Event "BI-2015-F-0000"]
[Site "LSS email"]
[Date "2015.02.12"]
[Round "?"]
[White "Sampaio Vianna Braga, Carlos Fernando"]
[Black "Reede, Arvo"]
[Result "0-1"]
[WhiteElo "1368"]
[BlackElo "1784"]
[PlyCount "116"]
[EventDate "2015.02.11"]
[EventType "tourn (corr)"]
[EventRounds "10"]
[EventCountry "GER"]
[SourceTitle "Corr 2022"]
[Source "ChessBase"]
[SourceDate "2021.10.24"]
[SourceVersion "1"]
[SourceVersionDate "2021.10.24"]
[SourceQuality "1"]

1. d4 Nf6 2. c4 e6 3. Nc3 Bb4 4. Qc2 c5 5. dxc5 Bxc5 6. Nf3 Nc6 7. Bg5 h6 8. Bxf6 Qxf6 9. e3 Bb4 10. Be2 Bxc3+ 11. Qxc3 Qxc3+ 12. bxc3 b6 13. 0-0 Ba6 14. Nd4 Na5 15. Nb5 Ke7 16. Rfd1 Rhc8 17. Nd6 Rc5 18. Rd4 e5 19. Rd2 Nxc4 20. Bxc4 Bxc4 21. f4 Be6 22. f5 Rd5 23. Rad1 Kxd6 24. Rxd5+ Bxd5 25. e4 Ke7 26. exd5 Rc8 27. Rd3 d6 28. g4 Kf6 29. Kf1 Kg5 30. h3 e4 31. Re3 Kf4 32. Ke2 Rc5 33. c4 Rxc4 34. Ra3 Rc2+ 35. Kd1 Rc7 36. Kd2 Ke5 37. Ra4 Kxd5 38. Rb4 Ke5 39. a4 Rc5 40. Ke2 d5 41. Rb3 Rc2+ 42. Ke1 d4 43. a5 Rc3 44. Rb5+ Kf4 45. axb6 axb6 46. f6 g6 47. Rxb6 Rxh3 48. Rb7 d3 49. Kd2 Rh2+ 50. Kc3 Rc2+ 51. Kb3 e3 52. Rb4+ Ke5 53. Rb5+ Kxf6 54. Rd5 e2 55. Rxd3 Rc1 56. Rf3+ Kg5 57. Re3 e1Q 58. Rxe1 Rxe1 0-1

[Event "BI-2015-F-0000"]
[Site "LSS email"]
[Date "2015.02.12"]
[Round "?"]
[White "Sampaio Vianna Braga, Carlos Fernando"]
[Black "Zholob, Anatolij"]
[Result "0-1"]
[WhiteElo "1368"]
[BlackElo "2118"]
[PlyCount "96"]
[EventDate "2015.02.11"]
[EventType "tourn (corr)"]
[EventRounds "10"]
[EventCountry "GER"]
[SourceTitle "Corr 2022"]
[Source "ChessBase"]
[SourceDate "2021.10.24"]
[SourceVersion "1"]
[SourceVersionDate "2021.10.24"]
[SourceQuality "1"]

1. d4 d5 2. c4 e6 3. Nc3 Nf6 4. e3 c5 5. Nf3 Nc6 6. Be2 dxc4 7. Bxc4 a6 8. 0-0 b5 9. Bd3 Bb7 10. a4 c4 11. axb5 axb5 12. Rxa8 Bxa8 13. Bb1 b4 14. Ne4 Nd5 15. Nfd2 Nb6 16. Qh5 Qd5 17. Qg4 h5 18. Qf4 Be7 19. Qc7 Qd8 20. Qg3 g6 21. Nc5 e5 22. Nf3 Qd6 23. Ne4 Qe6 24. Nxe5 h4 25. Qh3 Qxh3 26. gxh3 f5 27. Nd2 Nxe5 28. dxe5 0-0 29. Re1 c3 30. bxc3 bxc3 31. Nb3 Nc4 32. f4 Rb8 33. Bc2 Be4 34. Bxe4 fxe4 35. Nd4 Kf7 36. Ne2 c2 37. Kf2 Rb1 38. Rf1 Bc5 39. Rg1 Nxe3 40. Re1 Nf5+ 41. Kg2 Ke6 42. Ng3 hxg3 43. hxg3 Ne3+ 44. Kf2 Bb4 45. Rxe3 Rxc1 46. Rxe4 Rf1+ 47. Kxf1 c1Q+ 48. Kg2 Bc5 0-1